Kupec benátský

Bibliographic Details
Main Author: Shakespeare, William, 1564-1616 (Author)
Format: Book
Language:Undetermined
PhysicalDescription:82 s.
Published: Bratislava Dilia 1978
Edition:1. vyd.

MARC

LEADER 00000nam a2200000 a 4500
001 vtls001454402
003 SK-MaSNL
005 20260302061740.0
008 240318s1978 xx 0 und
035 |a SNK000409709 
040 |a SNK  |b slo  |c SNK  |e AACR2 
100 1 |a Shakespeare, William,  |d 1564-1616  |4 aut  |9 92336 
245 1 0 |a Kupec benátský 
250 |a 1. vyd. 
260 |a Bratislava  |b Dilia  |c 1978 
300 |a 82 s. 
958 |a OND 
999 |c 1126613  |d 1128543 
952 |t P60, <04>, [BOOK], {604}  |a SNK  |b SNK  |y VYP  |7 0  |p 17A0383475  |o snkIB 39999  |i snkKIP 6973/78  |0 0  |1 0  |4 0  |d 2003-05-30  |l 0  |r 2005-01-02 00:00:00  |w 2026-02-24